banner koha

Eficiencia e seletividade de herbicidas de pre e pos-emergencia no controle de folhas largas para a cultura da soja [Glycine max; Herbicida; Toxidez; Fitotoxidade; Brasil] (Registro n. 314978)

MARC details
000 -LÍDER
campo de controle de tamanho fixo 01562naa a22003857a 4500
001 - NÚMERO DE CONTROLE
campo de controle BR8200093
003 - IDENTIFICADOR DO NÚMERO DE CONTROLE
campo de controle BR-BrBNA
005 - DATA E HORÁRIO DA ÚLTIMA TRANSAÇÃO
campo de controle 20240918175106.0
007 - CAMPO FIXO DE DESCRIÇÃO FÍSICA--INFORMAÇÃO GERAL
campo de controle de tamanho fixo ta
008 - CAMPO DE DADOS FIXOS--INFORMAÇÃO GERAL
campo de controle de tamanho fixo 230509b bl.||||| |||| 00| 0 por d
040 ## - FONTE DA CATALOGAÇÃO
Instituição da catalogação original BR-BrBNA
Idioma da catalogação por
Instituição que transcreveu o registro Biblioteca Nacional de Agricultura
041 ## - CÓDIGO DE IDIOMA
Código do idioma do texto/trilha sonora ou título diferente (Pt)
072 ## - CÓDIGO DE CATEGORIA DE ASSUNTO
Código de Categoria de Assunto H60; H50
Código do objeto 0336
-- 3876
-- G514
090 ## - NÚMERO DE CHAMADA LOCAL
Número de chamada H60 BR8200093
100 1# - ENTRADA PRINCIPAL--NOME PESSOAL
Nome pessoal Velloso, J.A.R. de O.
100 1# - ENTRADA PRINCIPAL--NOME PESSOAL
Nome pessoal Vieira, S.A.
100 1# - ENTRADA PRINCIPAL--NOME PESSOAL
Nome pessoal Ben, J.R.
100 1# - ENTRADA PRINCIPAL--NOME PESSOAL
Nome pessoal Bertagnolli, P.F.
111 1# - ENTRADA PRINCIPAL--NOME DO EVENTO
Nome do evento ou lugar 9. Reuniao de Pesquisa de Soja da Regiao Sul
Local do evento Passo Fundo, RS (Brazil)
Data do evento ou assinatura do tratado 29 Jul 1981
245 1# - TÍTULO
Título Eficiencia e seletividade de herbicidas de pre e pos-emergencia no controle de folhas largas para a cultura da soja [Glycine max; Herbicida; Toxidez; Fitotoxidade; Brasil]
246 1# - FORMA VARIANTE DO TÍTULO
Título/título abreviado [Efficiency and selectiveness of previous and post-emergence herbicides in the control of broad leaves for soybean crop [Glycine max; Herbicide; Toxicity; Phytotoxicity; Brazil]]
246 1# - FORMA VARIANTE DO TÍTULO
Título/título abreviado [Soybean. Research findings 1980-1981]
250 1# - EDIÇÃO
Edição 2. ed.
260 3# - PUBLICAÇÃO, DISTRIBUIÇÃO, ETC.
Local de publicação, distribuição, etc. Passo Fundo, RS (Brasil):
Data da publicação, distribuição, etc. 1981.
500 ## - NOTA GERAL
Nota geral Soja. Resultados de Pesquisa 1980-1981<br/>2. ed.<br/>Passo Fundo, RS (Brasil): 1981. p. 76-81<br/>(BR8200093-AM)H60<br/>
650 ## - ASSUNTO--TERMO TÓPICO
Cabeçalho tópico ou nome geográfico Erva daninha
650 ## - ASSUNTO--TERMO TÓPICO
Cabeçalho tópico ou nome geográfico Disturbio vegetal
650 ## - ASSUNTO--TERMO TÓPICO
Cabeçalho tópico ou nome geográfico Soja
650 ## - ASSUNTO--TERMO TÓPICO
Cabeçalho tópico ou nome geográfico Herbicida
650 ## - ASSUNTO--TERMO TÓPICO
Cabeçalho tópico ou nome geográfico Fitotoxicidade
650 ## - ASSUNTO--TERMO TÓPICO
Cabeçalho tópico ou nome geográfico Toxidez
773 0# - ENTRADA ANALÍTICA
Título Soja. Resultados de Pesquisa 1980-1981
Número de controle do registro H60 BR8200093
Partes relacionadas Passo Fundo, RS (Brasil), 1981. p. 76-81
909 ## -
-- 202404
-- Lucia
-- 55
-- Lucia Elande
942 ## - ELEMENTOS DE ENTRADA ADICIONADOS (KOHA)
Tipo de material Koha Capítulo-Livro
Fonte da classificação ou esquema de arquivamento na estante Classificação AGRIS
Exemplares
Situação do descarte Fonte da classificação ou esquema de arquivamento na estante Situação física Não pode ser emprestado Coleção Biblioteca de origem Biblioteca atual Localização na estante Total de empréstimos Número de telefone completo Data de último acesso Número do exemplar Tipo de material Koha Situação das perdas Data de aquisição Fonte de aquisição
  Classificação AGRIS       Biblioteca Nacional de Agricultura - Binagri Biblioteca Nacional de Agricultura - Binagri Agrobase - Acervo Geral   0336 BR8200082 20/05/2024 01 Capítulo-Livro   2024-04-11 Portaria Interministerial nº 164/94

BINAGRI

Telefone: (61)3218-2567/2388/3357/2097 - binagri@agro.gov.br

Ministério da Agricultura e Pecuária , Esplanada dos Ministérios, Bloco D, Anexo B, Brasília/DF, CEP: 70.043-900